header

Ireland's New Worlds (Record no. 4007)

MARC details
000 -LEADER
fixed length control field 02058nam a2200373 a 4500
082 04 - DEWEY DECIMAL CLASSIFICATION NUMBER
Classification number 305.891/62008691209034
100 1# - MAIN ENTRY--AUTHOR NAME
Personal name Campbell, Malcolm,
245 10 - TITLE STATEMENT
Title Ireland's New Worlds
260 ## - PUBLICATION, DISTRIBUTION, ETC. (IMPRINT)
Place of publication Madison, Wis. :
Name of publisher University of Wisconsin Press,
Year of publication c2007.
300 ## - PHYSICAL DESCRIPTION
Number of Pages 249 p. :
Other physical details ill., maps.
490 1# - SERIES STATEMENT
Series statement History of Ireland and the Irish diaspora
505 0# - FORMATTED CONTENTS NOTE
Formatted contents note Contrasting fortunes : Irish lives from 1815 to the famine -- Crisis and despair : the famine and its aftermath -- Irish rural life : Minnesota and New South Wales compared -- The Pacific Irish : California and Eastern Australia -- New Worlds converge : immigrants, nationalisms and sectarian cultures -- Call of the new : Irish worlds in the late-nineteenth century -- Casting off ties : 1914 to the Irish civil war.
650 #0 - SUBJECT ADDED ENTRY--TOPICAL TERM
Topical Term Irish Americans
Topical Term Irish
Topical Term Irish Americans
Topical Term Irish
856 40 - ELECTRONIC LOCATION AND ACCESS
Uniform Resource Identifier http://site.ebrary.com/lib/rucke/Doc?id=10280013

No items available.

© 2026 Rongo University
Contact us: librarian | system librarian | Rongo university